Job redesign : critical perspectives on the lbour process
Αποθηκεύτηκε σε:
| Άλλοι συγγραφείς: | , , |
|---|---|
| Μορφή: | Βιβλίο |
| Γλώσσα: | English |
| Δημοσίευση: |
England :
Gower,
1987.
|
| Θέματα: | |
| Ετικέτες: |
Προσθήκη ετικέτας
Δεν υπάρχουν, Καταχωρήστε ετικέτα πρώτοι!
|
MARC
| LEADER | 00000cam a2200000 i 4500 | ||
|---|---|---|---|
| 001 | 1/61241 | ||
| 008 | 960220s1987 enk ||| | eng|| | ||
| 020 | |a 0566008831 | ||
| 035 | |a 1995 |c ΤΣΙΒΑΚΟΥ |l 10046401 | ||
| 040 | |a GR-MyUA |b gre |e AACR2 | ||
| 041 | 0 | |a eng | |
| 082 | 0 | |a 658.306 | |
| 245 | 0 | 0 | |a Job redesign : |b critical perspectives on the lbour process / |c Edited by David Knights, Hugh Willmott, David Collinson. |
| 260 | |a England : |b Gower, |c 1987. | ||
| 300 | |a 231 σ. ; |c 22 εκ. | ||
| 504 | |a Περιέχει ευρετήριο. | ||
| 650 | 0 | 0 | |a Work design. |
| 700 | 1 | |a Knights, David, |e edt | |
| 700 | 1 | |a Willmott, Hugh, |e edt | |
| 700 | 1 | |a Collinson, David, |e edt | |
| 852 | |a INST |b SAMOS |e 19960220 |h 658.306 JOB |p 005300005006 |q 005300005006 |t BK |y 0 | ||